Представление документа в формате MARC21

Поле Инд. ПП Название Значение
Тип записи a
Библиографический уровень b
001 Контрольный номер RU/IS/BASE/230388754
005 Дата корректировки 20220303161642.5
008 Кодируемые данные 20070420
040 b Код языка каталог. rus
e Правила каталог. PSBO
041 0_ a Код языка текста rus
084 a Индекс другой классификации/Индекс ББК 83.3(2=411.2)6
100 1_ a Автор Бэлза И. Ф.
q Полное имя Бэлза Игорь Федорович
245 10 a Заглавие Встречи с О. Э. Мандельштамом
c Ответственность Публ., примечания З. Бэлза-Гулинской
600 14 a Персоналии Мандельштам Осип Эмильевич
a Персоналии Мандельштам Надежда Яковлевна
a Персоналии Гумилев Николай Степанович
a Персоналии Бэлза Игорь Федорович
a Персоналии Ахматова Анна Андреевна
a Персоналии Барабасенко Николай Федорович
650 04 a Основная рубрика история литературы
a Основная рубрика литературоведение
a Основная рубрика филологические науки
653 0_ a Ключевые слова XX век
a Ключевые слова искусство
a Ключевые слова музыка
a Ключевые слова музыкальное творчество
a Ключевые слова поэзия
a Ключевые слова репрессии
a Ключевые слова Россия
a Ключевые слова Серебряный век
700 1_ a Автор Бэлза-Гулинская З.
e Роль лиц автор публикации; автор примечаний
q Полное имя Бэлза-Гулинская Зоя
773 0_ t Заглавие источника Наше наследие
d Дата издания источника 1996
g Прочая информация № 38. - С. 97 - 102
w Контрольный № источника RU/IS/BASE/142602056
901 t Тип документа b